All Ed Sheeran Songs (October 2025) - Statistics

General Stats
  • This quiz has been taken 57 times
    42 since last reset
  • The average score is 82 of 240
Answer Stats
Hint Answer % Correct
Don't - Remix (feat. Rick Ross)
95%
The A Team
95%
The A Team - Live at the Bedford
95%
The A Team - Spotify Sessions
95%
You (feat. Wiley)
95%
2025 Azizam
89%
Don't
89%
Sapphire
84%
Sapphire (feat. Arijit Singh)
84%
Thinking out Loud
84%
Galway Girl
79%
Give Me Love
79%
Perfect
79%
Perfect Duet (feat. Beyoncé)
79%
Perfect Symphony (feat. Andrea Bocelli)
79%
2018 Perfect (with 2CELLOS)
79%
Perfect (with The Piano Guys)
79%
Shape of You
79%
Shivers
79%
So
79%
Bad Habits
74%
Bad Habits (Bring Me The Horizon)
74%
Castle on the Hill
74%
Castle on the Hill - Recorded at Spotify Studios New York City
74%
I Don't Care (feat. Justin Bieber)
74%
Lego House
74%
Lego House - Spotify Sessions
74%
Run (Taylor's Version) (From The Vault) (with Taylor Swift)
74%
2023 Boat
68%
Boat (Reprise)
68%
2017 Eraser
68%
Eyes Closed
68%
Old Phone
68%
Supermarket Flowers
68%
The Vow
68%
2009 You Need Me, I Don't Need You
68%
You Need Me, I Don't Need You - Live at the Bedford
68%
You Need Me, I Don't Need You - Spotify Sessions
68%
A Little More
63%
Barcelona
63%
Bibia Be Ye Ye
63%
Camera
63%
Dive
63%
Grade 8
63%
Opening
63%
Peru (with Fireboy DML)
63%
Sing
63%
SING - PSYmix (with PSY)
63%
Happier
58%
In Other Words
58%
Nancy Mulligan
58%
Nina
58%
Small Bump
58%
South of the Border (feat. Camila Cabello & Cardi B)
58%
2019 Beautiful People (feat. Khalid)
53%
Drunk
53%
How Would You Feel (Paean)
53%
I See Fire
53%
I See Fire (feat. Sol3 Mio)
53%
Kiss Me
53%
New Man
53%
2014 One
53%
War Game
53%
What Do I Know?
53%
2step
47%
2step (feat. Lil Baby)
47%
2step (feat. Ultimo)
47%
2020 Afterglow
47%
Celestial
47%
Curtains
47%
First Times
47%
For Always
47%
Heaven
47%
Life Goes On
47%
Little Bird
47%
Photograph
47%
Salt Water
47%
Slowly
47%
Symmetry
47%
This
47%
U.N.I.
47%
American Town
42%
Autumn Leaves
42%
Bloodstream
42%
2015 Bloodstream (feat. Rudimental)
42%
Gold Rush
42%
Take Me Back to London (feat. Stormzy)
42%
The City
42%
The City - Live at Sticky Studios
42%
The City - Live at the Bedford
42%
The Man
42%
2021 Tides
42%
Afire Love
37%
Blow (feat. Christ Stapleton & Bruno Mars)
37%
Colourblind
37%
Don't Look Down
37%
Dusty
37%
Everything Has Changed (Taylor's Version) (with Taylor Swift)
37%
2012 Everything Has Changed (with Taylor Swift)
37%
Overpass Graffiti
37%
Problems
37%
Tenerife Sea
37%
End Of Youth
32%
Freedom
32%
Hearts Don't Break Around Here
32%
I'm a Mess
32%
Merry Christmas (with Elton John)
32%
Moving
32%
Page
32%
Parting Glass - Live at Wembley Stadium
32%
Sandman
32%
Sofa
32%
Spark
32%
Stoned
32%
Sycamore
32%
The Joker and the Queen
32%
The Joker And The Queen (feat. Taylor Swift)
32%
Toughest
32%
Vega
32%
Visiting Hours
32%
Wake Me Up
32%
Wake Me Up - Live at the Bedford
32%
Cold Coffe
26%
End Game (with Taylor Swift & Future)
26%
England
26%
Lately (feat. Devlin)
26%
Lay It All on Me (with Rudimental)
26%
Magical
26%
Nightmares (feat. Random Impulse, Sway & Wretch 32)
26%
One Night
26%
Plastic Bag
26%
Regrets
26%
Remember the Name (feat. Eminem & 50 Cent)
26%
Save Myself
26%
She
26%
Stop the Rain
26%
Sunburn
26%
Wildflowers
26%
All of the Stars
21%
Be Like You
21%
Best Part of Me (feat. Yebba)
21%
Cross Me (feat. Chance the Rapper & PnB Rock)
21%
Firefly
21%
Firefly - Dubstep Remix (feat. Bravado)
21%
Head > Heels
21%
Homeless
21%
Homeless - Live at the Bedford
21%
No Strings
21%
Own It (with Stormzy & Burna Boy)
21%
Penguins
21%
River (with Eminem)
21%
Runaway
21%
Shirtsleeves
21%
Spring
21%
That's on Me
21%
Touch and Go
21%
A Beautiful Game
16%
Amazing
16%
Antisocial (feat. Travis Scott)
16%
Bam Bam (with Camila Cabello)
16%
Be Right Now
16%
Blue
16%
Borderline
16%
Drown Me Out (feat. Ghetts)
16%
Fall
16%
Fall - Live at the Bedford
16%
Friends
16%
I Was Made For Loving You (with Tori Kelly)
16%
Let It Out
16%
Love in Slow Motion
16%
Make It Rain
16%
Midnight
16%
New York
16%
Punchline
16%
The Day I Was Born
16%
When Will I Be Alright
16%
1000 Nights (feat. Meek Mill & A Boogie wit da Hoodie)
11%
Addicted
11%
Are You Entertained (with Russ)
11%
Baby One More Time - Recorded at Spotify Studios New York City
11%
Collide
11%
Drive
11%
Feels (feat. Young Thug & J Hus)
11%
Fire Alarms
11%
Goodbye to You (feat. Dot Rotten)
11%
I Don't Want Your Money (feat. H.E.R.)
11%
I Will Remember You
11%
Leave Your Life
11%
Little Lady (feat. Mikill Pane)
11%
2005 Moody Ballad Of Ed
11%
Nothing on You (feat. Paulo Londra & Dave)
11%
Ours
11%
Put It All on Me (feat. Ella Mai)
11%
Radio (feat. JME)
11%
Way to Break My Heart (feat. Skrillex)
11%
Welcome To The World
11%
Where We Land
11%
Be My Husband - Live from Glastonbury
5%
English Rose
5%
F64
5%
Family (feat. P Money)
5%
2016 Growing Up (with Macklemore & Ryan Luis)
5%
Hips Don't Lie - Spotify Anniversary Version (with Shakira & Beéle)
5%
Hush Little Baby (with Wretch 32)
5%
2011 Intro - Spotify Sessions
5%
Let Her Go - Anniversary Edition (with Passenger)
5%
Misery
5%
2022 One Life
5%
Take It Back
5%
The Hill of Aberfeldy
5%
2024 Under the Tree
5%
Amo Soltanto Te (with Andrea Bocelli)
0%
Balance
0%
be my forever (with Christina Perri)
0%
Call on Me (with Vianney)
0%
City of Sin (with The Game)
0%
Dark Times (with The Weeknd)
0%
Dreams (with Krept & Konan)
0%
Earth (with Lil Dicky, Justin Bieber, Ariana Grande, Halsey, Zac Brown, Brendon Urie, Hailee Steinfeld, Wiz Khalifa, Snoop Dogg, Kevin Hart, Adam Levine, Shawn Mendes, Charlie Puth, Sia, Miley Cyrus, Lil Jon, Rita Ora, Miguel, Katy Perry, Lil Yachty, Meghan Trainor, Joel Embiid, Tory Lanez, John Legend, Psy, Bad Bunny, Kris Wu, Backstreet Boys & Leonardo DiCaprio)
0%
Even My Dad Does Something
0%
Everything You Are
0%
Fear
0%
Forever My Love (with J Balvin)
0%
For My Hand (with Burna Boy)
0%
Freaky Friday (with Lil Dicky, Chris Brown, DJ Khaled & Kendall Jenner)
0%
Get Over It
0%
Groundwork (with Big Narstie & Papoose)
0%
I Love You
0%
Jumpers for Goalposts
0%
Lifting You (with N.E.R.D & Pharrell Williams)
0%
Lonely Lovers (with D-Block Europe)
0%
My G (with Aitch)
0%
Noche de Novela (with Paulo Londra)
0%
Reuf (with Nekfeu)
0%
Roadside (with The Game)
0%
Sigue (with J Balvin)
0%
Those Kinda Nights (with Eminem)
0%
Typical Average
0%
Who We Love (with Sam Smith)
0%
No matching quizzes found
Score Distribution
Percent of People with Each Score
Percentile by Number Answered
Your Score History
You have not taken this quiz since the last reset